Countries Bordering Unknown Country #28 - Statistics

General Stats
  • This quiz has been taken 430 times
  • The average score is 5 of 5
Answer Stats
Bordering Country Answer % Correct
B Belize
99%
H Honduras
99%
M Mexico
98%
E El Salvador
97%
Guatemala
95%
No matching quizzes found
Score Distribution
Percent of People with Each Score
Percentile by Number Answered
Your Score History
You have not taken this quiz